All Arctic Islands - Wikipedia Map Only - Statistics

General Stats
  • This quiz has been taken 18 times
  • The average score is 21 of 60
Answer Stats
Size Answer % Correct
507,451 km² {Baffin} Island
100%
196,236 km² {Ellesmere} Island
93%
217,291 km² {Victoria} Island
93%
55,247 km² {Devon} Island
80%
24,786 km² {Somerset} Island
73%
43,178 km² {Axel Heiberg} Island
67%
70,028 km² {Banks} Island
67%
16,042 km² {Bathurst} Island
67%
33,339 km² {Prince of Wales} Island
67%
15,848 km² {Prince Patrick} Island
67%
41,214 km² {Southampton} Island
67%
5,498 km² {Coats} Island
60%
6,995 km² {Cornwallis} Island
60%
2,358 km² {Cornwall} Island
60%
11,295 km² {Ellef Ringnes} Island
60%
5,048 km² {MacKenzie King} Island
60%
42,149 km² {Melville} Island
60%
5,255 km² {Amund Ringnes} Island
53%
2,795 km² {Borden} Island
53%
11,067 km² {Bylot} Island
53%
12,516 km² {King William} Island
53%
9,521 km² {Prince Charles} Island
53%
1,378 km² {Graham} Island
47%
1,312 km² {Lougheed} Island
47%
1,541 km² {Eglinton} Island
40%
3,180 km² {Mansel} Island
40%
3,001 km² {Akimiski} Island
33%
955 km² {Meighen} Island
33%
1,372 km² {Nottingham} Island
33%
4,463 km² {Stefansson} Island
33%
1,720 km² {Air Force} Island
27%
764 km² {Brock} Island
27%
549 km² {Emerald} Isle
27%
1,015 km² {Resolution} Island
27%
1,090 km² {Rowley} Island
27%
1,150 km² {Byam Martin} Island
20%
1,059 km² {Cameron} Island
20%
1,137 km² {Wales} Island
20%
903 km² {Akpatok} Island
13%
3,000 km² {Belcher} Island
13%
1,126 km² Ile {Vanier}
13%
645 km² {King Christian} Island
13%
484 km² {Alexander} Island
7%
290 km² {Baillie-Hamilton} Island
7%
689 km² {Bray} Island
7%
637 km² {Foley} Island
7%
920 km² {Jens Munk} Island
7%
458 km² {Koch} Island
7%
412 km² {Little Cornwallis} Island
7%
590 km² {North Kent} Island
7%
804 km² {Salisbury} Island
7%
803 km² {Big} Island
0%
308 km² {Charlton} Island
0%
419 km² Loks Land
0%
168 km² {Long} Island
0%
477 km² {Matty} Island
0%
412 km² {Prescott} Island
0%
940 km² {Russell} Island
0%
997 km² {Vansittart} Island
0%
789 km² {White} Island
0%
No matching quizzes found
Score Distribution
Percent of People with Each Score
Percentile by Number Answered
Your Score History
You have not taken this quiz